| 000 | 00684nam a2200133Ia 4500 | ||
|---|---|---|---|
| 008 | 100328s9999 xx 000 0 und d | ||
| 082 | _b71920 | ||
| 100 | _aनारखेडे वामन | ||
| 245 | _aआमची प्रेमकहाणी (यशस्वी प्रेमविवाहाची अलौकिक कथा) | ||
| 260 | _bअनघा. | ||
| 630 | _aआमची प्रेमकहाणी (यशस्वी प्रेमविवाहाची अलौकिक कथा) | ||
| 730 | _aआमची प्रेमकहाणी (यशस्वी प्रेमविवाहाची अलौकिक कथा) | ||
| 942 | _cBOOK | ||
| 999 |
_c557643 _d557640 |
||